| 000 | 00740nam a22001937a 4500 | ||
|---|---|---|---|
| 001 | BD-DhSAU 10270 | ||
| 003 | BD-DhSAU | ||
| 005 | 20150626181544.0 | ||
| 008 | 150625b1976 bg |||||r|||| 00| 0 ben d | ||
| 040 | _aBD-DhSAU | ||
| 082 |
_222 _a৩৮৯.৯৫৪৯২ _bপাঠাবাং |
||
| 245 |
_aবাংলা প্রবাদ পরিচিতি / _cসংকলক মোহম্ম হানীফ পাঠান |
||
| 260 |
_aঢাকা : _bবাংলা একাডেমী, _c১৯৭৬ |
||
| 300 |
_a৫৮০ পৃ. : _c২১ সেমি। |
||
| 590 | _aerfat | ||
| 650 |
_aBengal literature. _vপ্রবাদ |
||
| 700 | _aপাঠান, মোহম্ম হানীফ | ||
| 942 |
_2ddc _cBOOK |
||
| 999 |
_c10270 _d10269 |
||